000 00801nam a22002057a 4500
999 _c5522
_d5522
003 AR-CdUCM
008 190312b ||||| |||| 00| 0 spa d
040 _aMUNICIPALIDAD PROVINCIAL DEL CUSCO
_cBIBLIOTECA MUNICIPAL DEL CUSCO
082 _a947.085 /
_bM37
100 _aAlexéi, Nedogonov
_916553
245 _aLa medalla militar, la medalla laboral /
260 _aURSS :
_bProgreso ,
300 _a196 páginas ;
_c17.5 cm.
505 _aContenido : La medalla Militar -- La verdad de las Trincheras -- La operacion "I-C" -- La Medalla Laboral -- Los soldados de las ortigas -- Ayudaremos a la Patria con nuestro Trabajo...
650 _a2da. Guerra Mundial
_915639
650 _aLa guerra y los niños
_916554
650 _aLa niñez en la guerra
_916555
942 _2ddc
_cLIBROS
945 _artm